| 000 | 00800nam a22002177a 4500 | ||
|---|---|---|---|
| 005 | 20180502105822.0 | ||
| 010 | _a1718EN-30 B-688403-414 | ||
| 020 |
_a9789385998294 _c695.00 |
||
| 035 | _aB-688403-414 | ||
| 037 |
_bScientific _adpl |
||
| 037 | _bDBAD/PUB | ||
| 082 | _a547 | ||
| 100 | _aKar, Ashutosh | ||
| 245 |
_aAdvanced organic chemistry : _cby Ashutosh Kar _b(structure & machanisms) / |
||
| 260 |
_aNew Delhi _bMEDTECH _c2017 |
||
| 270 |
_a4850/24, Ansari Road, Daryaganj, _bNew Delhi _e110002 |
||
| 300 |
_axvi,772p. _c25cm(pbk) |
||
| 500 | _aIncludes index | ||
| 942 |
_2ddc _cEN _mKAR _h547 |
||
| 999 |
_c145290 _d145290 |
||